000 00444cam a2200169ua 4500
020 _c170.00
041 _aeng
_h
082 _a551.48
_bRAN/PR
100 _aRanjith Kumar, Ghosh .
245 _aPractical Hydrology /
_cRanjith Kumar Ghosh.
_hTextual Documents
260 _aWest Bengal :
_bFaculty of Agriculture Engineering ,
_c1999.
300 _a143 ; .
365 _a170.00
504 _a
942 _cBK
999 _c4987
_d4987